[Event "St Petersburg-ch sf (Women)"]
[Site "St Petersburg"]
[Date "2013.02.03"]
[Round "9"]
[White "Malakhovskaya, Evgenia"]
[Black "Volkova, Arina"]
[Result "1-0"]
[WhiteElo "1588"]
[BlackElo "1661"]
[PlyCount "49"]
[EventDate "2013.01.26"]
[EventType "swiss"]
[EventRounds "9"]
[EventCountry "RUS"]
[SourceTitle "CBM 152 Extra"]
[Source "ChessBase"]
[SourceDate "2013.02.25"]
[SourceVersion "1"]
[SourceVersionDate "2013.02.25"]
[SourceQuality "1"]

1. e4 c5 2. Nc3 d6 3. f4 e6 4. Bc4 Qh4+ 5. g3 Qd8 6. Nf3 Be7 7. Bf1 a6 8. a4 b6 9. Bg2 Bb7 10. 0-0 Nf6 11. d3 Qc7 12. Nh4 0-0 13. f5 e5 14. g4 Nc6 15. g5 Nd7 16. Nd5 Qd8 17. f6 gxf6 18. gxf6 Nxf6 19. Bh6 Re8 20. Nxf6+ Bxf6 21. Qg4+ Kh8 22. Bg7+ Bxg7 23. Rxf7 Rg8 24. Ng6+ hxg6 25. Qh3+ 1-0

[Event "St Petersburg-ch sf (Women)"]
[Site "St Petersburg"]
[Date "2013.01.29"]
[Round "4"]
[White "Petrochenko, Maria"]
[Black "Volkova, Arina"]
[Result "0-1"]
[WhiteElo "1735"]
[BlackElo "1661"]
[PlyCount "66"]
[EventDate "2013.01.26"]
[EventType "swiss"]
[EventRounds "9"]
[EventCountry "RUS"]
[SourceTitle "CBM 152 Extra"]
[Source "ChessBase"]
[SourceDate "2013.02.25"]
[SourceVersion "1"]
[SourceVersionDate "2013.02.25"]
[SourceQuality "1"]

1. d4 Nf6 2. c4 c5 3. d5 e6 4. Nc3 exd5 5. cxd5 d6 6. e4 g6 7. Bd3 Bg7 8. Nf3 0-0 9. 0-0 Bg4 10. h3 Bxf3 11. Qxf3 a6 12. a4 Nbd7 13. Bc2 b6 14. Bf4 Qc7 15. Rfe1 Nh5 16. Bh2 Bf6 17. Qe2 c4 18. Rad1 Rab8 19. Bb1 b5 20. axb5 axb5 21. Na2 Qc5 22. Rc1 Ne5 23. b3 Qb6 24. bxc4 bxc4 25. Bxe5 Bxe5 26. Rxc4 Nf4 27. Qc2 Qb2 28. Qxb2 Rxb2 29. Rc2 Rfb8 30. Rxb2 Rxb2 31. Kf1 Bd4 32. Rd1 Rxf2+ 33. Kg1 Rd2+ 0-1